[Event "Reykjavik op"]
[Site "Reykjavik"]
[Date "2024.03.21"]
[Round "9"]
[White "Ferzli, Dany Michael"]
[Black "Hafthorsson, Jon Ulfur"]
[Result "1-0"]
[WhiteElo "1879"]
[BlackElo "1738"]
[PlyCount "75"]
[EventDate "2024.03.15"]
[EventType "swiss"]
[EventRounds "9"]
[EventCountry "ISL"]
[SourceTitle "CB13_2024"]
[SourceDate "2024.03.27"]
[SourceVersion "1"]
[SourceVersionDate "2024.03.27"]
[SourceQuality "1"]

1. d4 Nf6 2. c4 g6 3. g3 Bg7 4. Bg2 0-0 5. Nc3 d6 6. Nf3 Nbd7 7. 0-0 e5 8. e4 Re8 9. Re1 exd4 10. Nxd4 Nc5 11. h3 c6 12. b3 Nfxe4 13. Nxe4 Nxe4 14. Rxe4 Rxe4 15. Bxe4 c5 16. Nc2 Bxa1 17. Nxa1 Bxh3 18. Bxb7 Rb8 19. Bg2 Bxg2 20. Kxg2 Qe7 21. Bf4 Rd8 22. Qd5 Qe2 23. Bg5 Re8 24. Bf6 Re6 25. Qa8+ Re8 26. Qd5 Re6 27. Bc3 Re3 28. Qa8+ Re8 29. Qf3 f5 30. Qd5+ Re6 31. Nc2 Kf8 32. Ne1 f4 33. Qa8+ Kf7 34. Nf3 Re3 35. Ng5+ Ke7 36. Qb7+ Ke8 37. Qf7+ Kd8 38. Ba5+ 1-0

[Event "Reykjavik op"]
[Site "Reykjavik"]
[Date "2024.03.20"]
[Round "8"]
[White "Bottema, Martin"]
[Black "Ferzli, Dany Michael"]
[Result "1-0"]
[WhiteElo "2053"]
[BlackElo "1879"]
[PlyCount "127"]
[EventDate "2024.03.15"]
[EventType "swiss"]
[EventRounds "9"]
[EventCountry "ISL"]
[SourceTitle "CB13_2024"]
[SourceDate "2024.03.27"]
[SourceVersion "1"]
[SourceVersionDate "2024.03.27"]
[SourceQuality "1"]

1. c4 Nf6 2. Nf3 e6 3. g3 d5 4. Bg2 Be7 5. 0-0 0-0 6. d4 c6 7. b3 a5 8. Qc2 Nbd7 9. Bb2 Ne4 10. Nfd2 f5 11. e3 Qe8 12. f3 Nef6 13. Nc3 Qh5 14. Rac1 Bd6 15. Ne2 g5 16. Qd3 Qg6 17. e4 f4 18. Qb1 Bb4 19. Bc3 fxg3 20. hxg3 Nh5 21. Qb2 Bd6 22. e5 Be7 23. Qb1 Qxb1 24. Rxb1 b5 25. Bh3 Ng7 26. c5 b4 27. Bb2 Ba6 28. Rfe1 h5 29. Ra1 Kh7 30. a3 Bb5 31. Kg2 Nf5 32. Nf1 Kg6 33. Kh2 bxa3 34. Rxa3 Nxc5 35. dxc5 Bxc5 36. Nc3 Nd4 37. Nd2 Bxa3 38. Bxa3 Nxf3+ 39. Nxf3 Rxf3 40. Nxb5 cxb5 41. Bxe6 Rd8 42. Bd6 d4 43. Rd1 d3 44. Bd5 Re3 45. Rxd3 Re2+ 46. Kg1 h4 47. gxh4 gxh4 48. Kf1 Ra2 49. Be4+ Kh5 50. e6 Rc8 51. Bf3+ Kg6 52. e7 Rac2 53. Re3 Rc1+ 54. Re1 Rxe1+ 55. Kxe1 b4 56. Bg4 Rg8 57. Bd7 Kf7 58. Kf2 Ra8 59. Kg2 a4 60. Bc6 Rg8+ 61. Kh2 axb3 62. Bd5+ Ke8 63. Bxg8 b2 64. Bh7 1-0

[Event "Reykjavik op"]
[Site "Reykjavik"]
[Date "2024.03.18"]
[Round "5"]
[White "Dimitrijeski, Boris"]
[Black "Ferzli, Dany Michael"]
[Result "*"]
[WhiteElo "2183"]
[BlackElo "1879"]
[PlyCount "113"]
[EventDate "2024.03.15"]
[EventType "swiss"]
[EventRounds "9"]
[EventCountry "ISL"]
[SourceTitle "CB13_2024"]
[SourceDate "2024.03.27"]
[SourceVersion "1"]
[SourceVersionDate "2024.03.27"]
[SourceQuality "1"]

1. d4 d5 2. c4 e6 3. Nc3 Nf6 4. cxd5 exd5 5. Bg5 Be7 6. e3 c6 7. Bd3 h6 8. Bh4 0-0 9. Nge2 Re8 10. Qc2 a5 11. 0-0 Nbd7 12. a4 Nf8 13. Rae1 Be6 14. Nc1 N6h7 15. Bxe7 Rxe7 16. Nb3 Nf6 17. h3 Qd6 18. Kh1 b6 19. Nd2 Rae8 20. b3 Qd7 21. Kh2 Qd6+ 22. Kh1 Qd7 23. Kh2 Qd6+ 24. Kg1 Bd7 25. Nf3 Ne6 26. Ne5 Rc8 27. Rd1 c5 28. Nxd7 Qxd7 29. dxc5 Rxc5 30. Qb2 Qc6 31. Nb5 Nd7 32. Rd2 Ng5 33. Nd4 Qf6 34. Nf5 Re6 35. Qxf6 Nxf6 36. Rfd1 Rc3 37. Nd4 Re8 38. Rb2 Rec8 39. f3 Rc1 40. Rxc1 Rxc1+ 41. Kf2 Nd7 42. Ne2 Rc7 43. Nf4 Nf6 44. b4 axb4 45. Rxb4 Nd7 46. Nxd5 Nc5 47. Be2 Rb7 48. e4 Nge6 49. Ke3 g5 50. Bb5 Nc7 51. Bc6 Nxd5+ 52. exd5 Ra7 53. d6 f5 54. Rxb6 Kf7 55. Bd5+ Ke8 56. Bc6+ Kf7 57. d7 *

[Event "LBN-ch"]
[Site "Beirut"]
[Date "2023.10.30"]
[Round "1"]
[White "Ferzli, Dany Michael"]
[Black "Diab, Majd"]
[Result "1-0"]
[WhiteElo "1701"]
[BlackElo "1251"]
[PlyCount "57"]
[EventDate "2023.10.30"]
[EventType "swiss"]
[EventRounds "9"]
[EventCountry "LBN"]
[SourceTitle "CB46_2023"]
[SourceDate "2023.11.15"]
[SourceVersion "1"]
[SourceVersionDate "2023.11.15"]
[SourceQuality "1"]

1. c4 c5 2. g3 e6 3. Bg2 Ne7 4. Nc3 g6 5. d3 Bg7 6. Nf3 0-0 7. 0-0 d5 8. Qc2 b6 9. Bf4 Bb7 10. a3 Nbc6 11. cxd5 exd5 12. Rac1 Re8 13. Nb5 Nc8 14. Nc7 Qe7 15. Nxe8 Qxe8 16. Qd2 Na5 17. Qc2 Qb5 18. Be5 Bh6 19. Nd2 Qe8 20. Bc3 d4 21. Bxa5 Bxg2 22. Kxg2 bxa5 23. Ne4 Qc6 24. Qxc5 Qb7 25. Qc6 Qxc6 26. Rxc6 Ne7 27. Rc4 Bg7 28. Rfc1 Rb8 29. R1c2 1-0

[Event "Dubai op-B 23rd"]
[Site "Dubai"]
[Date "2023.06.03"]
[Round "8"]
[White "Anas, Khwaira"]
[Black "Ferzli, Dany Michael"]
[Result "1/2-1/2"]
[WhiteElo "1980"]
[BlackElo "1692"]
[PlyCount "104"]
[EventDate "2023.05.27"]
[EventType "swiss"]
[EventRounds "9"]
[EventCountry "UAE"]
[SourceTitle "CBM 214 Extra"]
[Source "ChessBase"]
[SourceDate "2023.07.31"]
[SourceVersion "1"]
[SourceVersionDate "2023.07.31"]
[SourceQuality "1"]

1. c4 c6 2. d4 d5 3. cxd5 cxd5 4. Bf4 Nc6 5. Nc3 a6 6. Nf3 Nf6 7. e3 Bf5 8. Ne5 e6 9. Qb3 Qe7 10. Nxc6 bxc6 11. Qb6 Qd7 12. Bxa6 Bd6 13. Bxd6 Qxd6 14. Bb7 Rb8 15. Qxc6+ Qd7 16. Nb5 Qxc6 17. Bxc6+ Ke7 18. Nc3 Rxb2 19. Na4 Rc2 20. Nc5 Ne4 21. Ba4 Rb2 22. Nxe4 Bxe4 23. 0-0 Ra8 24. Bb3 Bc2 25. Bxc2 Rxc2 26. a4 Ra5 27. Ra3 Rc4 28. Rfa1 h5 29. g3 g5 30. Kg2 g4 31. h3 Kf6 32. R1a2 Kg5 33. f3 f5 34. Kf2 Kf6 35. hxg4 hxg4 36. fxg4 fxg4 37. Ke2 Kg5 38. Kd3 Kg6 39. e4 Kf6 40. Rf2+ Kg5 41. Rfa2 Kf6 42. Ra1 Kg6 43. R3a2 Kf6 44. Ke3 Kg5 45. Ra3 Rb4 46. Kd3 Rc4 47. exd5 exd5 48. R3a2 Kg6 49. Ra3 Kg5 50. R1a2 Kg6 51. Ke3 Kg5 52. Ra1 Rb4 1/2-1/2

[Event "Dubai op-B 23rd"]
[Site "Dubai"]
[Date "2023.05.27"]
[Round "1"]
[White "Sharon, Rafael"]
[Black "Ferzli, Dany Michael"]
[Result "1-0"]
[WhiteElo "2040"]
[BlackElo "1692"]
[PlyCount "189"]
[EventDate "2023.05.27"]
[EventType "swiss"]
[EventRounds "9"]
[EventCountry "UAE"]
[SourceTitle "CBM 214 Extra"]
[Source "ChessBase"]
[SourceDate "2023.07.31"]
[SourceVersion "1"]
[SourceVersionDate "2023.07.31"]
[SourceQuality "1"]

1. e4 d6 2. d4 Nf6 3. Nc3 Nbd7 4. Nf3 e5 5. dxe5 dxe5 6. Bc4 Be7 7. a3 a5 8. h3 c6 9. Be3 h6 10. a4 Qc7 11. Qd3 0-0 12. Nh4 Nc5 13. Bxc5 Bxc5 14. Rd1 Bd7 15. Ng6 Rfe8 16. Nh4 Bb4 17. 0-0 Rad8 18. Qg3 Kf8 19. Rfe1 Nh5 20. Qg6 Be6 21. Bxe6 Nf4 22. Qf5 Rxe6 23. Qh7 g6 24. Qxh6+ Kg8 25. Nf5 Bf8 26. Qg5 Ree8 27. Ne3 Be7 28. Qg4 Bb4 29. g3 Ne6 30. Rd3 Nc5 31. Rxd8 Rxd8 32. Ned1 Rd2 33. Re2 Rd7 34. Qg5 Ne6 35. Qc1 Qd8 36. Kg2 Nd4 37. Rd2 Qf6 38. Rd3 Kg7 39. Na2 Be7 40. c3 Nb3 41. Qc2 Nc5 42. Rxd7 Nxd7 43. Ne3 Nc5 44. b4 axb4 45. cxb4 Ne6 46. h4 Nd4 47. Qd1 Qe6 48. Qd2 Qb3 49. Nc1 Qxa4 50. Nd3 f6 51. Ng4 Qb3 52. Qh6+ Kf7 53. Qh7+ Ke8 54. Qh8+ Kd7 55. Nxf6+ Kc7 56. Nd5+ cxd5 57. Qxe5+ Bd6 58. Qxd4 dxe4 59. Qxe4 Qf7 60. Nf4 Qb3 61. Ne6+ Kb8 62. Nc5 Qf7 63. Qd4 Qe7 64. Nd3 Bc7 65. b5 Qe6 66. Nf4 Qe8 67. Qc4 Bb6 68. Nd5 Bd8 69. Qf4+ Ka7 70. Qc4 Qe6 71. Ne3 Qf6 72. Qd5 Bb6 73. Qa2+ Kb8 74. Nd5 Qf7 75. Qd2 Bxf2 76. Qf4+ Qxf4 77. Nxf4 Bd4 78. Nxg6 Kc7 79. Nf4 Kb6 80. g4 Kxb5 81. g5 Kc6 82. h5 Kd7 83. h6 Ke7 84. g6 b5 85. Kf3 b4 86. Nd5+ Ke6 87. Ke4 Bb2 88. Nf4+ Kf6 89. g7 Kf7 90. Ne6 Bf6 91. h7 Bxg7 92. Nxg7 Kxg7 93. Kd3 Kxh7 94. Kc4 b3 95. Kxb3 1-0

[Event "Dekweneh op"]
[Site "Dekweneh"]
[Date "2023.03.05"]
[Round "9"]
[White "Kassar, Bashar"]
[Black "Ferzli, Dany Michael"]
[Result "0-1"]
[WhiteElo "1601"]
[BlackElo "1706"]
[PlyCount "68"]
[EventDate "2023.02.25"]
[EventType "tourn"]
[EventRounds "9"]
[EventCountry "LBN"]
[SourceTitle "CBM 213 Extra"]
[Source "ChessBase"]
[SourceDate "2023.05.31"]
[SourceVersion "1"]
[SourceVersionDate "2023.05.31"]
[SourceQuality "1"]

1. e4 d5 2. exd5 Nf6 3. d4 Nxd5 4. Nf3 g6 5. Be2 Bg7 6. c4 Nf6 7. Nc3 0-0 8. 0-0 Nbd7 9. Bf4 b6 10. Nb5 Ne8 11. d5 Bxb2 12. Nfd4 Bxd4 13. Nxd4 Bb7 14. Bh6 Ng7 15. f4 Re8 16. Bg4 Nf6 17. Qe2 c5 18. Nb5 Nxg4 19. Bxg7 Kxg7 20. Qxg4 a6 21. Nc3 e6 22. f5 exf5 23. Rxf5 Bc8 24. Raf1 Bxf5 25. Rxf5 Qe7 26. Nd1 Qd7 27. Rf4 Qxg4 28. Rxg4 Re1+ 29. Kf2 Rxd1 30. Re4 Rd4 31. Rxd4 cxd4 32. Ke2 Kf6 33. Kd3 Ke5 34. a4 f5 0-1

[Event "Dekweneh op"]
[Site "Dekweneh"]
[Date "2023.03.04"]
[Round "8"]
[White "Ferzli, Dany Michael"]
[Black "Fawaz, Mohamad"]
[Result "1-0"]
[WhiteElo "1706"]
[BlackElo "1502"]
[PlyCount "129"]
[EventDate "2023.02.25"]
[EventType "tourn"]
[EventRounds "9"]
[EventCountry "LBN"]
[SourceTitle "CBM 213 Extra"]
[Source "ChessBase"]
[SourceDate "2023.05.31"]
[SourceVersion "1"]
[SourceVersionDate "2023.05.31"]
[SourceQuality "1"]

1. d4 d5 2. Nf3 Nf6 3. g3 e6 4. Bg2 Be7 5. 0-0 0-0 6. c4 dxc4 7. Qc2 a6 8. a4 Bd7 9. Ne5 Bc6 10. Nxc6 Nxc6 11. Bxc6 bxc6 12. Rd1 Qd5 13. Na3 Qh5 14. Kg2 c5 15. Nxc4 Qd5+ 16. f3 cxd4 17. e4 Qc5 18. b3 Qa7 19. Ne5 c5 20. Nc6 Qc7 21. Nxd4 Rfc8 22. Ne2 Qb7 23. Bf4 Nd7 24. Rd2 Nb8 25. Rad1 Nc6 26. Rd7 Qb6 27. Bd6 Bxd6 28. R1xd6 Rd8 29. Qd1 Rxd7 30. Rxd7 Rd8 31. Rxd8+ Qxd8 32. Qxd8+ Nxd8 33. Nc1 Kf8 34. Nd3 Nb7 35. Kf2 Ke7 36. Ke3 Kd6 37. Kd2 f6 38. Kc3 g6 39. h4 e5 40. g4 h6 41. h5 gxh5 42. gxh5 a5 43. Nf2 Ke6 44. Ng4 f5 45. Nxh6 fxe4 46. fxe4 Nd6 47. Kd3 c4+ 48. bxc4 Nb7 49. Ng4 Nc5+ 50. Ke3 Nxa4 51. h6 Kf7 52. Nxe5+ Kf6 53. Kd4 Nb6 54. c5 Nc8 55. Nd7+ Kg6 56. Nb6 Ne7 57. Ke5 Kxh6 58. Kd6 Nc8+ 59. Kd7 Na7 60. e5 Kg6 61. e6 Kf6 62. e7 Nc6 63. e8Q Ne5+ 64. Qxe5+ Kxe5 65. c6 1-0

[Event "Dekweneh op"]
[Site "Dekweneh"]
[Date "2023.03.02"]
[Round "6"]
[White "Karam, Youssef Mark"]
[Black "Ferzli, Dany Michael"]
[Result "1-0"]
[WhiteElo "1604"]
[BlackElo "1706"]
[PlyCount "49"]
[EventDate "2023.02.25"]
[EventType "tourn"]
[EventRounds "9"]
[EventCountry "LBN"]
[SourceTitle "CBM 213 Extra"]
[Source "ChessBase"]
[SourceDate "2023.05.31"]
[SourceVersion "1"]
[SourceVersionDate "2023.05.31"]
[SourceQuality "1"]

1. b3 d5 2. Bb2 Nf6 3. Nf3 c5 4. e3 a6 5. c4 dxc4 6. Bxc4 Bf5 7. Ne5 e6 8. 0-0 Nbd7 9. Qf3 Nxe5 10. Bxe5 Be4 11. Bxf6 Qxf6 12. Qxe4 Qxa1 13. Nc3 Qb2 14. Qxb7 Rd8 15. Qc6+ Rd7 16. Bxa6 Kd8 17. Qc8+ Ke7 18. Qxc5+ Kd8 19. Qc8+ Ke7 20. Bb5 Qxd2 21. Ne4 Qd5 22. Bc6 Qd1 23. h3 Rd8 24. Qb7+ Rd7 25. Qb4+ 1-0

[Event "Dekweneh op"]
[Site "Dekweneh"]
[Date "2023.02.26"]
[Round "2"]
[White "Helou, Jad Bechara"]
[Black "Ferzli, Dany Michael"]
[Result "1-0"]
[WhiteElo "1438"]
[BlackElo "1706"]
[PlyCount "123"]
[EventDate "2023.02.25"]
[EventType "tourn"]
[EventRounds "9"]
[EventCountry "LBN"]
[SourceTitle "CBM 213 Extra"]
[Source "ChessBase"]
[SourceDate "2023.05.31"]
[SourceVersion "1"]
[SourceVersionDate "2023.05.31"]
[SourceQuality "1"]

1. d4 d5 2. c4 dxc4 3. e3 Nf6 4. Bxc4 e6 5. Nc3 c5 6. Nf3 a6 7. a4 b6 8. 0-0 Bb7 9. b3 cxd4 10. Nxd4 Be7 11. Bb2 0-0 12. Qe2 Qc7 13. Rac1 Nbd7 14. Rfd1 Ne5 15. Bd3 Nxd3 16. Qxd3 Qe5 17. Nce2 Qg5 18. Ng3 Rfd8 19. Rc7 Bd5 20. Rxe7 h5 21. e4 Nxe4 22. Nxe4 Qxe7 23. Ng3 h4 24. Nge2 Qg5 25. Qh3 e5 26. Bc1 Qg6 27. Nf5 Kf8 28. Ne3 Bxb3 29. Rxd8+ Rxd8 30. Qxh4 Qd6 31. h3 Kg8 32. Nf5 Qd1+ 33. Kh2 Re8 34. Qg5 g6 35. Neg3 Bc2 36. Nh4 Re6 37. Nf3 Kf8 38. Ba3+ Ke8 39. Qh6 Kd7 40. Qg7 Qd5 41. Qxf7+ Kc6 42. Qf8 Qd7 43. Ng5 Re8 44. Qf3+ Kc7 45. N3e4 Qc6 46. Qf7+ Qd7 47. Bd6+ Kd8 48. Qf6+ Kc8 49. Qf3 Qc6 50. Qg4+ Qd7 51. Qe2 Bxe4 52. Nxe4 Qxa4 53. Qg4+ Qd7 54. Qxg6 Kb7 55. Ba3 Re6 56. Qg4 Qc6 57. Qg7+ Qc7 58. Qg8 Qd7 59. g4 Qc8 60. Nd6+ Rxd6 61. Qxc8+ Kxc8 62. Bxd6 1-0

[Event "Beirut op 11th"]
[Site "Beirut"]
[Date "2022.11.17"]
[Round "7"]
[White "Adeimi, Michel"]
[Black "Ferzli, Dany Michael"]
[Result "1-0"]
[WhiteElo "2005"]
[BlackElo "1693"]
[PlyCount "65"]
[EventDate "2022.11.12"]
[EventType "swiss"]
[EventRounds "9"]
[EventCountry "LBN"]
[SourceTitle "EXT 2024"]
[Source "ChessBase"]
[SourceDate "2023.10.10"]
[SourceVersion "1"]
[SourceVersionDate "2023.10.10"]
[SourceQuality "1"]

1. e4 c6 2. Nc3 d5 3. Qf3 e6 4. d4 dxe4 5. Qxe4 Nf6 6. Qh4 Nbd7 7. Nf3 Qb6 8. Bd3 Be7 9. 0-0 Qc7 10. Bf4 Bd6 11. Bg5 b6 12. Rfe1 Bb7 13. Ne4 Nxe4 14. Bxe4 Nf8 15. Ne5 f6 16. Bxf6 gxf6 17. Qh5+ Kd8 18. Nf7+ Kc8 19. Nxh8 Qg7 20. Qe8+ Kc7 21. Qf7+ Qxf7 22. Nxf7 Be7 23. Nh6 Nd7 24. Bf3 Bf8 25. Ng4 h5 26. Ne3 Bd6 27. Nc4 Bf4 28. Rxe6 Rg8 29. Rae1 b5 30. Ne3 h4 31. Nf5 Rg5 32. Ne7 Kb8 33. Rxf6 1-0

[Event "Asia-ch Amateur"]
[Site "Muscat"]
[Date "2022.10.03"]
[Round "6"]
[White "Abdivaliev, Daniial"]
[Black "Ferzli, Dany Michael"]
[Result "1/2-1/2"]
[WhiteElo "1528"]
[BlackElo "1789"]
[PlyCount "95"]
[EventDate "2022.09.29"]
[EventType "swiss"]
[EventRounds "9"]
[EventCountry "OMN"]
[SourceTitle "CBM 210 Extra"]
[Source "ChessBase"]
[SourceDate "2022.11.30"]
[SourceVersion "1"]
[SourceVersionDate "2022.11.30"]
[SourceQuality "1"]

1. e4 c6 2. d3 d5 3. Nd2 dxe4 4. dxe4 e5 5. Bc4 Nf6 6. h3 Bc5 7. Qe2 0-0 8. a4 a5 9. Ngf3 Re8 10. g4 Nbd7 11. Nf1 Nf8 12. Ng3 Qc7 13. g5 N6d7 14. c3 Nb6 15. Bb3 Be6 16. Qc2 Rad8 17. Bd2 Nc8 18. Bxe6 Nxe6 19. 0-0 Ne7 20. Rad1 Ng6 21. Nh5 Qc8 22. Kh2 Rd6 23. Be3 Rxd1 24. Rxd1 Bxe3 25. fxe3 Rd8 26. Ng3 Rxd1 27. Qxd1 Qd8 28. Qxd8+ Nxd8 29. Nf5 Ne6 30. Nd6 Nc5 31. h4 f6 32. b4 axb4 33. cxb4 Nxa4 34. Nxb7 Nc3 35. Nd6 Nd1 36. Nf5 Kf7 37. h5 Ne7 38. Nd6+ Kf8 39. h6 Nxe3 40. hxg7+ Kxg7 41. Ne8+ Kg6 42. gxf6 Ng4+ 43. Kg3 Nxf6 44. Nxe5+ Kg5 45. Nf3+ Kg6 46. Nd6 Nxe4+ 47. Nxe4 Nd5 48. Kh3 1/2-1/2

[Event "Asia-ch Amateur"]
[Site "Muscat"]
[Date "2022.10.02"]
[Round "5"]
[White "Ferzli, Dany Michael"]
[Black "Hamdan Edrees, Alhamed"]
[Result "0-1"]
[WhiteElo "1789"]
[BlackElo "1467"]
[PlyCount "114"]
[EventDate "2022.09.29"]
[EventType "swiss"]
[EventRounds "9"]
[EventCountry "OMN"]
[SourceTitle "CBM 210 Extra"]
[Source "ChessBase"]
[SourceDate "2022.11.30"]
[SourceVersion "1"]
[SourceVersionDate "2022.11.30"]
[SourceQuality "1"]

1. d4 Nf6 2. Nf3 d6 3. c4 g6 4. g3 Bg7 5. Bg2 0-0 6. 0-0 Nc6 7. Nc3 a6 8. e4 Bg4 9. h3 Bxf3 10. Bxf3 e5 11. d5 Nd4 12. Bg2 Nd7 13. Be3 f5 14. Bxd4 exd4 15. Ne2 Qf6 16. Nf4 Nc5 17. f3 Qg5 18. b4 Be5 19. Qe1 Nd7 20. Ne6 Qe3+ 21. Qxe3 dxe3 22. Nxf8 Rxf8 23. Rae1 Bc3 24. Re2 Bxb4 25. Rb1 Bc5 26. Rxb7 Bb6 27. Rxb6 cxb6 28. Rxe3 f4 29. gxf4 Rxf4 30. Rb3 Kf7 31. a4 a5 32. Kf2 Ke7 33. Rb1 Kd8 34. Bf1 Kc7 35. Be2 Nc5 36. Bd1 g5 37. Bc2 Nd7 38. Rg1 h6 39. Rg4 Ne5 40. Rxf4 gxf4 41. Bb3 Nd3+ 42. Kf1 Kd7 43. h4 Ke7 44. Kg2 Kf6 45. Ba2 Ke5 46. Kf1 Kd4 47. Bb3 Nc5 48. Bd1 Kxc4 49. Be2+ Kd4 50. h5 Nxa4 51. Kg2 Nc3 52. Bd3 a4 53. Bc2 a3 54. Bb3 a2 55. Bxa2 Nxa2 56. Kh3 b5 57. Kg4 Ke5 0-1